00789nam a22001695i 4500001000700000003000900007005001700016008004100033040002000074100001900094245017400113260004300287300002800330500012300358650002200481852011600503158708ES-MaACL20250815110841.0040902s1884 fr |||| | fre d aCAM bspa cCAM1 aMarcou, Jules.10a[Notes à l'occasion du prochin Congrès géologique international, avec des remarques sur les noms des terrains fossilifères les plus anciens /cpar Jules Marcou]. aLagny : b[s.n., cs.a.] (fF. Aureau) aP. [517]-533 ; c24 cm. aExtrait du Bulletin de la Société Géologique de France, 3\pe\s série, t. XII, p. 517, séance du 5 mail 1884. 7aGeología2embne aES-MaACLjT-903-F-6 z-- Enc. hol. z-- Legado de Federico de Botella y de Hornos z-- Enc. en un vol. facticio